000 00410nam a2200145 4500
001 118496
003 ES-MaACL
007 t|
008 070214s1971 sp r ||||1| spa d
100 1 _aParedes Vargas-Lomelini, Wolfgang.
_989057
245 1 0 _aGromek /
_cpor Wolfgang Paredes Vargas-Lomelini.
260 _aMadrid :
_bAltamira,
_c1971.
300 _a129 p. ;
_c19 cm.
852 _aES-MaACL
_jE-6386
_bR.90491
999 _c118496
_d118496